Danh tướng Trần Hưng Đạo : Tiểu thuyết lịch sử
Sparad:
| Huvudupphovsman: | |
|---|---|
| Materialtyp: | Bok |
| Språk: | Undetermined |
| Publicerad: |
Hà Nội
Văn Học
1995
|
| Ämnen: | |
| Taggar: |
Lägg till en tagg
Inga taggar, Lägg till första taggen!
|
| Thư viện lưu trữ: | Trung tâm Học liệu Trường Đại học Cần Thơ |
|---|
| LEADER | 00564nam a2200193Ia 4500 | ||
|---|---|---|---|
| 001 | CTU_130724 | ||
| 008 | 210402s9999 xx 000 0 und d | ||
| 082 | |a 895.9223081 | ||
| 082 | |b Kh107 | ||
| 100 | |a Hoàng, Công Khanh | ||
| 245 | 0 | |a Danh tướng Trần Hưng Đạo : | |
| 245 | 0 | |b Tiểu thuyết lịch sử | |
| 245 | 0 | |c Hoàng Công Khanh | |
| 260 | |a Hà Nội | ||
| 260 | |b Văn Học | ||
| 260 | |c 1995 | ||
| 650 | |a Historical fiction, Vietnamese | ||
| 904 | |i Minh | ||
| 980 | |a Trung tâm Học liệu Trường Đại học Cần Thơ | ||